girl names that start with "A" - Statistics

General Stats
  • This quiz has been taken 18 times
  • The average score is 5 of 15
Answer Stats
"A" Answer "A" Answer % Correct
a anna a annabelle
71%
a abigail a alexis
64%
a alice a aubrey
50%
a allison a angela
50%
a ashley a ally
50%
a amelia a ada
43%
a alexa a amber
36%
a arianna a amy
36%
a amanda a aaliyah
29%
a avery a andrea
29%
a alexandra a april
21%
a annie a ava
21%
a addison a agnes
14%
a alicia a aliza
14%
a ashlyn a audrey
14%
No matching quizzes found
Score Distribution
Percent of People with Each Score
Percentile by Number Answered
Your Score History
You have not taken this quiz